000 00466cam a22001577a 4500
008 180718b2002 xxu||||| |||| 00| 0 eng d
020 _a8126111046
082 _aN4x54 G959
100 _aGupta, K.N.
245 _aIndian police and vigilance in the 21st century
_cby K.N. Gupta
260 _aDelhi
_bAnmol
_c2002
300 _a374p.
650 _aPolice administration - India
650 _aPolice professionalization - India
650 _aPolice regulation - India
999 _c401631
_d401631